<?xml version="1.0" encoding="UTF-8"?>
<record
    xmlns:xsi="http://www.w3.org/2001/XMLSchema-instance"
    xsi:schemaLocation="http://www.loc.gov/MARC21/slim http://www.loc.gov/standards/marcxml/schema/MARC21slim.xsd"
    xmlns="http://www.loc.gov/MARC21/slim">

  <leader>02897cam a2200253   4500500</leader>
  <controlfield tag="005">20250123134851.0</controlfield>
  <datafield tag="041" ind1=" " ind2=" ">
    <subfield code="a">fre</subfield>
  </datafield>
  <datafield tag="042" ind1=" " ind2=" ">
    <subfield code="a">dc</subfield>
  </datafield>
  <datafield tag="100" ind1="1" ind2="0">
    <subfield code="a">Deru, Xavier</subfield>
    <subfield code="e">author</subfield>
  </datafield>
  <datafield tag="700" ind1="1" ind2="0">
    <subfield code="a"> Ho&#xEB;t-Van Cauwenberghe, Christine</subfield>
    <subfield code="e">author</subfield>
  </datafield>
  <datafield tag="700" ind1="1" ind2="0">
    <subfield code="a"> Leman-Delerive, Germaine</subfield>
    <subfield code="e">author</subfield>
  </datafield>
  <datafield tag="245" ind1="0" ind2="0">
    <subfield code="a">Les Nerviens et la r&#xE9;silience&#xA0;? Un peuple en mutation de l&#x2019;&#xE9;poque gauloise &#xE0; l&#x2019;&#xE9;poque romaine</subfield>
  </datafield>
  <datafield tag="260" ind1=" " ind2=" ">
    <subfield code="c">2020.
							</subfield>
  </datafield>
  <datafield tag="500" ind1=" " ind2=" ">
    <subfield code="a">66</subfield>
  </datafield>
  <datafield tag="520" ind1=" " ind2=" ">
    <subfield code="a">Puissant peuple belge, les Nerviens sont &#xE9;cras&#xE9;s par les Romains lors de la bataille du Sabis en 57 avant notre &#xE8;re. Dans La Guerre des Gaules, C&#xE9;sar affirme leur avoir inflig&#xE9; de tr&#xE8;s lourdes pertes au cours d&#x2019;un combat d&#xE9;cisif. D&#x2019;autres sources semblent cependant montrer que le r&#xE9;cit c&#xE9;sarien n&#x2019;est pas totalement v&#xE9;ridique. Loin d&#x2019;&#xEA;tre an&#xE9;antis, les Nerviens disposent dans le cadre de l&#x2019;Empire d&#x2019;un riche territoire (Hainaut et Cambr&#xE9;sis) et jouissent d&#x2019;un statut plut&#xF4;t favorable&#xA0;: la civitas Nerviorum s&#x2019;organise autour de Bavay et devient une civitas libera. L&#x2019;&#xE9;lite dirigeante obtient rapidement la citoyennet&#xE9; romaine et de nombreux Nerviens combattent dans l&#x2019;arm&#xE9;e, laissant des traces &#xE9;pigraphiques en Grande-Bretagne ou en Roumanie. Les Nerviens survivent donc, et m&#xEA;me prosp&#xE8;rent. Ils conservent par ailleurs une identit&#xE9; culturelle, qui prend la forme de coutumes fun&#xE9;raires sp&#xE9;cifiques li&#xE9;es au culte du foyer. Des hypog&#xE9;es caract&#xE9;ristiques sont surmont&#xE9;s de st&#xE8;le de marbre sur lesquels les &#xE9;pitaphes sont peintes en lettres rouges.</subfield>
  </datafield>
  <datafield tag="520" ind1=" " ind2=" ">
    <subfield code="a">Powerful Belgian people, the Nervians were attacked by the Romans and suffered a serious defeat at the battle of Sabis in 57 before our era. In The Gallic War, Caesar claims to have inflicted very heavy casualties on them in a decisive fight. Other sources, however, seem to show that the Caesarean tale is probably not entirely truthful. Far from being wiped out, the Nervians had a rich territory (Hainaut and Cambr&#xE9;sis) and enjoyed a rather favorable status within the framework of the Empire&#xA0;: the civitas Nerviorum was organized around Bavay and became a civitas libera. The ruling elite quickly obtained Roman citizenship and many Nervians fought in the army, leaving epigraphic traces in Great Britain or Romania. The Nervians therefore survived, and even throve. They also retained a kind of cultural identity, which took the form of specific funeral customs linked to the domestic cult. Characteristic hypogea were surmounted by black marble steles on which the epitaphs were painted in red letters.</subfield>
  </datafield>
  <datafield tag="690" ind1=" " ind2=" ">
    <subfield code="a">rite fun&#xE9;raire</subfield>
  </datafield>
  <datafield tag="690" ind1=" " ind2=" ">
    <subfield code="a">Bavay</subfield>
  </datafield>
  <datafield tag="690" ind1=" " ind2=" ">
    <subfield code="a">romanisation</subfield>
  </datafield>
  <datafield tag="690" ind1=" " ind2=" ">
    <subfield code="a">Nerviens</subfield>
  </datafield>
  <datafield tag="690" ind1=" " ind2=" ">
    <subfield code="a">Guerre des Gaules</subfield>
  </datafield>
  <datafield tag="786" ind1="0" ind2=" ">
    <subfield code="n">Revue du Nord | 434 | 1 | 2020-11-03 | p. 19-38 | 0035-2624</subfield>
  </datafield>
  <datafield tag="856" ind1="4" ind2="1">
    <subfield code="u">https://shs.cairn.info/revue-du-nord-2020-1-page-19?lang=fr&amp;redirect-ssocas=7080</subfield>
  </datafield>
  <datafield tag="999" ind1=" " ind2=" ">
    <subfield code="c">830460</subfield>
    <subfield code="d">830460</subfield>
  </datafield>
</record>
